00501 a2200169 450000100060000002000150000608200150002109000170003610000280005324500510008126000280013230000140016050000170017494200250019199900190021695200960023592170 a9695038034 a891.55 BAR c44133d44132 aBarq, Dr. Ghulam Gilani aDanish e Rumi o SaadicBarq, Dr. Ghulam Gilani aLahorebAl-Faisalc2012 a127p.bHb aGeneral Book aCAE NUSTk891.55 BAR c327243d327243 001040708NFICaCAEbCAEd2017-04-03l0o891.55 BARpCAE88531r2017-04-05w2017-04-05yBK